000 00996nam a2200289 a 4500
001 000042087
003 DO-SdBNP
005 20240412074301.0
008 131113s 2013 dr 000 p spa d
020 _a9789945165708
040 _aDO-SdBNP
_bspa
_cBNPHU
082 _aBNPHU RD861.44
_bJ61m
100 1 _aJiménez, Miguel Antonio,
_923568
_d1955-
245 1 3 _aLa magia de lo fluyente :
_bantología esencial 1983-2013 /
_cMiguel Antonio Jiménez.
260 _aSanto Domingo, :
_bUniversidad Autónoma de Santo Domingo,
_c2013.
300 _a750 p. ;
_c24 cm.
490 1 _aTaller literario César Vallejo
490 1 _aHorizonte I
500 _aIncluye datos biografícos del autor en las solapas
590 _aInventariado, 2018/LP
650 1 4 _aPoesía dominicana
_xColecciones
_9351
650 1 0 _aLiteratura dominicana.
_967
830 0 _aTaller literario César Vallejo
_943665
830 0 _aHorizone I
_979835
910 _aValidado. Control de calidad MFF
942 _2ddc
_cLBS1
999 _c41576
_d41576